000 03768nab a2200325 i 4500
003 BR-BrBNA
005 20260303100803.0
008 260303b2018 bl.qr|pooa||| 00| 0 eng |
040 _aBR-BrBNA
_beng
072 _aF50
_b0440
100 _aCargneutti Flilho, Alberto
100 _aAlves, Bruna Mendonça
100 _aSantos, Gustavo Oliveira dos
100 _aWartha, Cleiton Antonio
100 _aKleinpaul, Jéssica Andiara
100 _aKleinpaul, Jéssica Andiara
245 _aSample size to estimate the mean and median of traits in flax
500 _a Publicação online; 22 ref.; 2 tables; 2 illus.; Summaries (En, Pt)
520 _a ABSTRACT: - The aim of this study was to determine the sample size (i.e., number of plants) required to estimate the mean and median of flax traits (Linum usitatissimum L.) of the cultivar CDC Normandy, with precision levels. In experimental area of 15 × 15 m (225 m2) at 134 days after sowing, 300 plants were collected randomly. In each plant, it was measured morphological (plant height and number of branches) and productive traits (number of capsules, fresh matter of capsules, fresh matter of aerial part without capsules, fresh matter of aerial part, dry matter of capsules, dry matter of aerial part without capsules, and dry matter of aerial part). For each trait, it was calculated measures of central tendency, variability, skewness, and kurtosis. It was determined the sample size by resampling with replacement of 10,000 resamples. In order to estimate the mean of morphological and pro-ductive traits of flax, cultivar CDC Normandy, with the amplitude of the confidence interval of 95% equal to 30% of the estimated mean, 81 plants are required. To estimate the median, with the same precision, it is necessary 161 plants. Key words: experimental design; experimental precision; Linum usitatissimum L.; reference sample
520 _a RESUMO: - O objetivo deste trabalho foi determinar o tamanho de amostra (número de plantas) necessário para a estimação da média e da mediana de caracteres de linho (Linum usitatissimum L.), cultivar CDC Normandy, em níveis de precisão. Em área experimental de 15 × 15 m (225 m2) aos 134 dias após a semeadura, foram selecionadas, aleatoriamente, 300 plantas. Em cada planta foram mensurados os caracteres morfológicos (altura de planta e número de ramos) e os produtivos (número de cápsulas, massa verde de cápsulas, massa verde de parte aérea sem cápsulas, massa verde de parte aérea, massa seca de cápsulas, massa seca de parte aérea sem cápsulas e massa seca de parte aérea). Para cada caractere, foram calculadas medidas de tendência central, de variabilidade, de assimetria e de curtose e determinado o tamanho de amostra por meio de reamostragem, com reposição, de 10.000 reamostras. Para a estimação da média de caracteres morfológicos e produtivos de linho, cultivar CDC Normandy, com amplitude do intervalo de confiança de 95% igual a 30% da estimativa da média são necessárias 81 plantas. Para estimação da mediana, com essa mesma precisão, precisam 161 plantas. Palavras-chave: planejamento experimental; precisão experimental; Linum usitatissimum L.; amostra referência Sample
650 _aLINHO
650 _aPLANTA TÊXTIL
650 _aVARIEDADE
650 _aMORFOLOGIA VEGETAL
650 _aAMOSTRAGEM
773 0 _04656
_9360459
_dRecife-PE Universidade Federal Rural de Pernambuco 2006
_o2026-0843
_tRevista Brasileira de Ciências Agrárias (Brazil)
_x1981-1160
_gv. 13(1) p. 1-7; (2018)
_wBR2026005623
856 _uhttp://www.agraria.pro.br/ojs32/index.php/RBCA/article/view/v13i1a5492/358
942 _cANA
999 _c340246
_d340246